Walijska imigracja według Państw - Statystyki

Ogólne statystyki
  • Ten quiz został rozwiązany 107 razy
  • Średni wynik to 15 z 20
Statystyki odpowiedzi
Ludzie Państwo % Poprawnych
30 857 Polska
98%
19 100 Irlandia
97%
6 100 Francja
93%
418 000 Anglia
92%
62 000 Szkocja
91%
25 630 Niemcy
90%
6 600 Stany Zjednoczone
88%
3 275 Hiszpania
85%
3 750 Kanada
81%
14 210 Chiny
78%
33 000 Irlandia Północna
77%
3 595 Holandia
73%
27 860 Indie
73%
4 640 Portugalia
69%
6 560 Brazylia
59%
8 100 Pakistan
59%
4 600 Rumunia
51%
6 990 Republika Południowej Afryki
43%
11 200 Bangladesz
40%
9 350 Filipiny
20%
Nie znaleziono quizów pasujących do podanych kryteriów
Rozkład punktacji
Procent ludzi z każdym wynikiem
Percentyl według liczby udzielonych odpowiedzi
Twoja historia wyników
Nie rozwiązałeś tego quizu